| 000 | 00423nam a2200157Ia 4500 | ||
|---|---|---|---|
| 008 | 230711s9999||||xx |||||||||||||| ||und|| | ||
| 041 | _aENG | ||
| 082 |
_a540 _bSC-C |
||
| 100 | _aJerome Rosenberg | ||
| 245 | 0 | _aSchaum's outline of college Chemistry | |
| 250 | _a1st . . Ed. | ||
| 260 |
_c1994 _aNew Delhi _bMcGraw Hill Education(India) Private Limited |
||
| 650 | _aChemistry | ||
| 700 | _aLawrence Epstein | ||
| 942 | _cBK | ||
| 999 |
_c2916 _d2916 |
||